000 00771nam a2200253Ia 4500
008 191130s2004##################000#0#eng##
020 _a9780387208428
022 _a2004045549
040 _aACL
_cACL
082 _a332.6457 ZHU
100 _aZhu, Youlan
245 _aDerivative securities and difference methods
_cYou-lan Zhu, Xiaonan Wu, and I-Liang Chern
260 _aBerlin
_bSpringer
_cc2004
300 _axviii, 513 p. : ill. ; 25 cm
500 _aIncludes bibliographical references (p. [503]-507) and index
650 _aDerivative securities
650 _aDifference equations
650 _aEconomics
700 _aChern, I-Liang
700 _aWu, Xiaonan
990 _a5da5c6b0ac10000c7d9e474eec9924b6
991 _a176582
999 _c147237
_d147237